Islands and Atolls of Tuvalu - Statistics

General Stats
  • This quiz has been taken 17 times
  • The average score is 7 of 9
Answer Stats
Surface Island / Atoll % Correct
2.40 km² Funafuti
100%
2.83 km² Nui
83%
3.87 km² Nanumea
75%
5.60 km² Vaitupu
75%
3.00 km² Nanumanga
67%
0.40 km² Niulakita
67%
2.53 km² Niutao
67%
2.99 km² Nukufetau
67%
1.82 km² Nukulaelae
67%
No matching quizzes found
Score Distribution
Percent of People with Each Score
Percentile by Number Answered
Your Score History
You have not taken this quiz